Statistics for My favourite Eminem Songs

Click here to take the quiz!

General Stats

  • This quiz has been taken 19 times
  • The average score is 7 of 20

Answer Stats

HintAnswer% Correct
TESWithout Me
82%
MMLPThe Real Slim Shady
71%
MMLP2Rap God
53%
MMLPStan
47%
TESCleanin out my closet
41%
SSLPMy Name Is
41%
MMLPThe Way I Am
41%
TESSquare Dance
35%
TESBusiness
29%
MMLPKill You
29%
KAMThe Ringer
29%
TESWhite America
29%
MMLP2Bad Guy
24%
ENCEvil Deeds
24%
TESSoldier
24%
RECSpacebound
24%
ENCCrazy in love
18%
ENCLike Toy Soldiers
18%
MMLP2Rhyme or Reason
18%
MMLP2So much better
18%

Score Distribution

Percentile by Number Answered

Percent of People with Each Score

Your Score History

You have not taken this quiz